<?xml version="1.0" encoding="UTF-8"?>
<record
    xmlns:xsi="http://www.w3.org/2001/XMLSchema-instance"
    xsi:schemaLocation="http://www.loc.gov/MARC21/slim http://www.loc.gov/standards/marcxml/schema/MARC21slim.xsd"
    xmlns="http://www.loc.gov/MARC21/slim">

  <leader>01202cam a22002771a 4500</leader>
  <controlfield tag="001">ne 65002412 </controlfield>
  <controlfield tag="003">DLC</controlfield>
  <controlfield tag="005">20260227111818.0</controlfield>
  <controlfield tag="008">860806s1963    sy       d    001 0 arar </controlfield>
  <datafield tag="010" ind1=" " ind2=" ">
    <subfield code="a">ne 65002412 </subfield>
  </datafield>
  <datafield tag="035" ind1=" " ind2=" ">
    <subfield code="a">(OCoLC)14054126</subfield>
  </datafield>
  <datafield tag="040" ind1=" " ind2=" ">
    <subfield code="a">DLC</subfield>
    <subfield code="c">InU</subfield>
    <subfield code="d">DLC</subfield>
  </datafield>
  <datafield tag="041" ind1="0" ind2=" ">
    <subfield code="a">arafre</subfield>
  </datafield>
  <datafield tag="042" ind1=" " ind2=" ">
    <subfield code="a">premarc</subfield>
  </datafield>
  <datafield tag="050" ind1="0" ind2="0">
    <subfield code="a">Q123</subfield>
    <subfield code="b">.K33</subfield>
  </datafield>
  <datafield tag="100" ind1="1" ind2=" ">
    <subfield code="a">Ka&#x1E25;&#x1E25;&#x101;lah, &#x2BB;Umar Ri&#x1E0D;&#x101;.</subfield>
  </datafield>
  <datafield tag="245" ind1="1" ind2="3">
    <subfield code="a">al-Alf&#x101;&#x1E93; al-mu&#x2BB;arrabah wa-al-maw&#x1E0D;&#x16B;&#x2BB;ah al-w&#x101;ridah f&#x12B; al-sanaw&#x101;t al-&#x2BB;ashr al-th&#x101;lithah min Majallat al-Majma&#x2BB; al-&#x2BB;Ilm&#x12B; al-&#x2BB;Arab&#x12B; 1365-1374 H -- 1946-1955 M /</subfield>
    <subfield code="c">jam&#x2BB; wa tart&#x12B;b &#x2BB;Umar Rid&#x101; Ka&#x1E25;&#x1E25;&#x101;lah.</subfield>
  </datafield>
  <datafield tag="260" ind1=" " ind2=" ">
    <subfield code="a">Dimashq :</subfield>
    <subfield code="b">Ma&#x1E6D;ba&#x2BB;at al-Taraqq&#xE1;,</subfield>
    <subfield code="c">1963.</subfield>
  </datafield>
  <datafield tag="300" ind1=" " ind2=" ">
    <subfield code="a">115, 47, 8 p. ;</subfield>
    <subfield code="c">24 cm.</subfield>
  </datafield>
  <datafield tag="490" ind1="1" ind2=" ">
    <subfield code="a">Ma&#x1E6D;b&#x16B;&#x2BB;&#x101;t al-Majma&#x2BB; al-&#x2BB;Ilm&#x12B; al-&#x2BB;Arab&#x12B; bi-Dimashq</subfield>
  </datafield>
  <datafield tag="500" ind1=" " ind2=" ">
    <subfield code="a">Includes indexes.</subfield>
  </datafield>
  <datafield tag="500" ind1=" " ind2=" ">
    <subfield code="a">Title on added t.p.: Termes techniques parus dans la Revue de l'Acad&#xE9;mie arabe, t. xxi-xxx, extraits par Omar Rida Kahal&#xE9;.</subfield>
  </datafield>
  <datafield tag="650" ind1=" " ind2="0">
    <subfield code="a">Arabic language</subfield>
    <subfield code="x">Glossaries, vocabularies, etc.</subfield>
  </datafield>
  <datafield tag="740" ind1="0" ind2=" ">
    <subfield code="a">Termes techniques parus dans la Revue de l'Acad&#xE9;mie arabe, t. xxi-xxx.</subfield>
  </datafield>
  <datafield tag="830" ind1=" " ind2="0">
    <subfield code="a">Ma&#x1E6D;b&#x16B;&#x2BB;&#x101;t Majma&#x2BB; al-Lughah al-&#x2BB;Arab&#x12B;yah bi-Dimashq.</subfield>
  </datafield>
  <datafield tag="999" ind1=" " ind2=" ">
    <subfield code="c">48517</subfield>
    <subfield code="d">48517</subfield>
  </datafield>
</record>
